<?xml version="1.0" encoding="UTF-8"?><?xml-stylesheet type="text/xsl" href="static/style.xsl"?><OAI-PMH xmlns="http://www.openarchives.org/OAI/2.0/" xmlns:xsi="http://www.w3.org/2001/XMLSchema-instance" xsi:schemaLocation="http://www.openarchives.org/OAI/2.0/ http://www.openarchives.org/OAI/2.0/OAI-PMH.xsd"><responseDate>2026-06-01T19:49:24Z</responseDate><request verb="GetRecord" identifier="oai:riuma.uma.es:10630/20736" metadataPrefix="marc">https://riuma.uma.es/rest/oai/request</request><GetRecord><record><header><identifier>oai:riuma.uma.es:10630/20736</identifier><datestamp>2026-02-03T10:27:01Z</datestamp><setSpec>com_10630_1685</setSpec><setSpec>col_10630_38055</setSpec></header><metadata><record xmlns="http://www.loc.gov/MARC21/slim" xmlns:dcterms="http://purl.org/dc/terms/" xmlns:doc="http://www.lyncode.com/xoai" xmlns:xsi="http://www.w3.org/2001/XMLSchema-instance" xsi:schemaLocation="http://www.loc.gov/MARC21/slim http://www.loc.gov/standards/marcxml/schema/MARC21slim.xsd">
   <leader>00925njm 22002777a 4500</leader>
   <datafield ind2=" " ind1=" " tag="042">
      <subfield code="a">dc</subfield>
   </datafield>
   <datafield ind2=" " ind1=" " tag="720">
      <subfield code="a">Alonso Jiménez, José Manuel</subfield>
      <subfield code="e">author</subfield>
   </datafield>
   <datafield ind2=" " ind1=" " tag="260">
      <subfield code="c">2021-01-18</subfield>
   </datafield>
   <datafield ind2=" " ind1=" " tag="520">
      <subfield code="a">“This is the modern world. Nuevas formas de llamar la atención” es un falso documental&#xd;
creado a partir de la apropiación de imágenes y secuencias tomadas de películas,&#xd;
documentales y vídeos particulares con el objetivo de crear nuevos contextos e historias&#xd;
a partir de ellos. En este proyecto se plantean una serie de acontecimientos que han&#xd;
sucedido en la ciudad de Málaga, donde una mixtape (conjunto de canciones) invade la ciudad poco antes de las elecciones generales de 2015. Fagocitándose en su meta lenguaje creado sobre sí mismo se muestran: montajes dentro el propio montaje, reportajes dentro de otros reportajes o personajes dentro de otros personajes; que entretejen una historia irónica, en loop y evolutiva; todo dentro de unos entornos y medios comunes que son la ciudad y el grafiti.</subfield>
   </datafield>
   <datafield ind1="8" ind2=" " tag="024">
      <subfield code="a">https://hdl.handle.net/10630/20736</subfield>
   </datafield>
   <datafield tag="653" ind2=" " ind1=" ">
      <subfield code="a">Grado en Bellas Artes - Trabajos Fin de Grado</subfield>
   </datafield>
   <datafield tag="653" ind2=" " ind1=" ">
      <subfield code="a">Bellas Artes - Trabajos Fin de Grado</subfield>
   </datafield>
   <datafield tag="653" ind2=" " ind1=" ">
      <subfield code="a">Arte</subfield>
   </datafield>
   <datafield ind2="0" ind1="0" tag="245">
      <subfield code="a">"This is the modern world. Nuevas formas de llamar la atención".</subfield>
   </datafield>
</record>
</metadata></record></GetRecord></OAI-PMH>